Statistics for Every Oscar Nominated Movie (2022)

Click here to take the quiz!

General Stats

  • This quiz has been taken 24 times
  • The average score is 16 of 34

Answer Stats

HintAnswer% Correct
Genre(s): Action/Sci-Fi

Director(s): Daniel Scheinert, Daniel Kwan

Leading Actor/Actress: Michelle Yeoh

Award(s):
(WINNER) Actor in a Supporting Role
(WINNER) Actress in a Leading Role
(WINNER) Actress in a Supporting Role x2
(WINNER) Best Picture
Costume Design
(WINNER) Directing
(WINNER) Editing
Music: Original Score
Music: Original Song
(WINNER) Writing: Original Screenplay
Everything Everywhere All at Once
100%
Genre(s): Sci-Fi

Director(s): James Cameron

Leading Actor/Actress: Sam Worthington

Award(s):
Best Picture
Production Design
Sound
(WINNER) Visual Effects
Avatar: The Way of Water
84%
Genre(s): Thriller/War

Director(s): Edward Berger

Leading Actor/Actress: Felix Krammer

Award(s):
Best Picture
(WINNER) Cinematography
(WINNER) International Feature Film (Germany)
Makeup and Hairstyling
(WINNER) Music: Original Score
(WINNER) Production Design
Sound
Visual Effects
Writing: Adapted Screenplay
All Quiet on the Western Front
79%
Genre(s): Drama

Director(s): Darren Aronofsky

Leading Actor/Actress: Brendan Fraser

Award(s):
(WINNER) Actor in a Leading Role
Actress in a Supporting Role
(WINNER) Makeup and Hairstyling
The Whale
79%
Genre(s): Action/Drama

Director(s): Joseph Kosinski

Leading Actor/Actress: Tom Cruise

Award(s):
Best Picture
Editing
Music: Original Song
(WINNER) Sound
Visual Effects
Writing: Adapted Screenplay
Top Gun: Maverick
79%
Genre(s): Drama/Music

Director(s): Todd Field

Leading Actor/Actress: Cate Blanchett

Award(s):
Actress in a Leading Role
Best Picture
Cinematography
Directing
Editing
Writing: Original Screenplay
TÁR
74%
Genre(s): Comedy/Drama

Director(s): Martin McDonagh

Leading Actor/Actress: Colin Farrell

Award(s):
Actor in a Leading Role
Actor in a Supporting Role x2
Actress in a Supporting Role
Best Picture
Directing
Editing
Music: Original Score
Writing: Original Screenplay
The Banshees of Inisherin
74%
Genre(s): Action/Drama

Director(s): Ryan Coogler

Leading Actor/Actress: Letita Wright

Award(s):
Actress in a Supporting Role
(WINNER) Costume Design
Makeup and Hairstyling
Music: Original Song
Visual Effects
Black Panther: Wakanda Forever
68%
Genre(s): Comedy/Mystery

Director(s): Rian Johnson

Leading Actor/Actress: Daniel Craig

Award(s):
Writing: Adapted Screenplay
Glass Onion
68%
Genre(s): Drama/Music

Director(s): Baz Luhrmann

Leading Actor/Actress: Austin Butler

Award(s):
Actor in a Leading Role
Best Picture
Cinematography
Costume Design
Editing
Makeup and Hairstyling
Production Design
Sound
Elvis
63%
Genre(s): Drama/Fantasy

Director(s): Guillermo del Toro

Leading Actor/Actress: Gregory Mann

Award(s):
(WINNER) Animated Feature Film
Guillermo del Toro's Pinocchio
58%
Genre(s): Crime/Thriller

Director(s): Matt Reeves

Leading Actor/Actress: Robert Pattinson

Award(s):
Makeup and Hairstyling
Visual Effects
The Batman
58%
Genre(s): Drama

Director(s): Steven Spielberg

Leading Actor/Actress: Gabriel LaBelle

Award(s):
Actor in a Supporting Role
Actress in a Leading Role
Best Picture
Directing
Music: Original Score
Production Design
Writing: Original Screenplay
The Fabelmans
58%
Genre(s): Comedy/Drama

Director(s): Ruben Östlund

Leading Actor/Actress: Harris Dickinson

Award(s):
Best Picture
Directing
Writing: Original Screenplay
Triangle of Sadness
58%
Genre(s): Drama

Director(s): Sarah Polley

Leading Actor/Actress: Rooney Mara

Award(s):
Best Picture
(WINNER) Writing: Adapted Screenplay
Women Talking
58%
Genre(s): Comedy/Drama

Director(s): Damien Chazelle

Leading Actor/Actress: Brad Pitt

Award(s):
Costume Design
Music: Original Score
Production Design
Babylon
53%
Genre(s): Adventure/Fantasy

Director(s): Joel Crawford

Leading Actor/Actress: Antonio Banderas

Award(s):
Animated Feature Film
Puss in Boots: The Last Wish
42%
Genre(s): Drama

Director(s): Andrew Dominik

Leading Actor/Actress: Ana de Armas

Award(s):
Actress in a Leading Role
Blonde
37%
Genre(s): Comedy/Fantasy

Director(s): Domee Shi

Leading Actor/Actress: Rosalie Chiang

Award(s):
Animated Feature Film
Turning Red
37%
Genre(s): Drama

Director(s): Charlotte Wells

Leading Actor/Actress: Paul Mescal

Award(s):
Actor in a Leading Role
Aftersun
32%
Genre(s): Drama/Romance

Director(s): Sam Mendes

Leading Actor/Actress: Olivia Colman

Award(s):
Cinematography
Empire of Light
32%
Genre(s): Drama

Director(s): Lila Neugebauer

Leading Actor/Actress: Jennifer Lawrence

Award(s):
Actor in a Supporting Role
Causeway
26%
Genre(s): Drama

Director(s): Oliver Hermanus

Leading Actor/Actress: Bill Nighy

Award(s):
Actor in a Leading Role
Writing: Adapted Screenplay
Living
26%
Genre(s): Comedy/Drama

Director(s): Anthony Fabian

Leading Actor/Actress: Lesley Manville

Award(s):
Costume Design
Mrs. Harris Goes to Paris
26%
Genre(s): Action

Director(s): S.S. Rajamouli

Leading Actor/Actress: N. T. Rama Rao Jr.

Award(s):
Music: Original Song
RRR
26%
Genre(s): Drama

Director(s): Jerzy Skolimowski

Leading Actor/Actress: Sandra Drzymalska

Award(s):
International Feature Film (Poland)
EO
21%
Genre(s): Comedy/Mockumentary

Director(s): Dean Fleischer Camp

Leading Actor/Actress: Jenny Slate

Award(s):
Animated Feature Film
Marcel the Shell with Shoes On
21%
Genre(s): Anthology/Drama

Director(s): Catherine Hardwicke, Taraji P. Henson, Lucia Puenzo, Leena Yadav, Maria Sole Tognazzi, Mipo O, Lucia Bulgheroni, Silvia Carobbio

Leading Actor/Actress: Jennifer Hudson

Award(s):
Music: Original Song
Tell It Like a Woman
21%
Genre(s): Drama

Director(s): Colm Bairéad

Leading Actor/Actress: Catherine Clinch

Award(s):
International Feature Film (Ireland)
The Quiet Girl
21%
Genre(s): Adventure

Director(s): Chris Williams

Leading Actor/Actress: Karl Urban

Award(s):
Animated Feature Film
The Sea Beast
21%
Genre(s): Drama

Director(s): Michael Morris

Leading Actor/Actress: Andrea Riseborough

Award(s):
Actress in a Leading Role
To Leslie
21%
Genre(s): Drama

Director(s): Santiago Mitre

Leading Actor/Actress: Ricardo Darin

Award(s):
International Feature Film (Argentina)
Argentina, 1985
16%
Genre(s): Comedy/Drama

Director(s): Alejandro González Iñárritu

Leading Actor/Actress: Daniel Giménez Cacho

Award(s):
Cinematography
BARDO, False Chronicle of a Handful of Truths
16%
Genre(s): Drama

Director(s): Lukas Dhont

Leading Actor/Actress: Eden Dambrine

Award(s):
International Feature Film (Belgium)
Close
16%

Score Distribution

Percentile by Number Answered

Percent of People with Each Score

Your Score History

You have not taken this quiz